00529nam a2200181 a 450000100100000000500170001000800410002702000150006804000250008308200150010810000290012324500370015226000460018930000210023549000140025650000630027083000140033300004249920201002040207.0131204s1997 sp r 000 0 spa d a8479794348 aDO-SdBNPbspacBNPHU axxxxbxxxx1 aTertsch, Hermann,d1958-13aLa acuarela /cHermann, Tertsch. aEspaña :bAnaya & Mario Muchnik,c1997. a186 p. ;c22 cm.1 aAnalectas aIncluye datos biográficos del autor en la contracubierta 0aAnalectas